Long - Term Employee Training as a Basic Prerequisite for the Development of an Optimal Corporate Culture
Enregistré dans:
| Auteur principal: | |
|---|---|
| Format: | Livre |
| Langue: | anglais |
| Publié: |
Köthen :
Hochschule Anhalt,
2009
|
| Édition: | 1 st ed. |
| Collection: | Scientific monographs
|
| Sujets: | |
| Accès en ligne: | OBSAH |
| Tags: |
Pas de tags, Soyez le premier à ajouter un tag!
|
MARC
| LEADER | 00000nam a22000003a 4500 | ||
|---|---|---|---|
| 001 | stu183191 | ||
| 005 | 20220321183406.1 | ||
| 008 | 090417s2009----gw------------------eng-d | ||
| 020 | |a 978-3-86011-023-2 | ||
| 040 | |a STU |b slo | ||
| 041 | 0 | |a eng | |
| 044 | |a gw | ||
| 080 | |a 65 | ||
| 100 | 1 | |a Čambál, Miloš, |d 1966- |4 aut |u M4000 |9 100 |U MTF Materiálovotechnologická fakulta |T MTF Ústav priemyselného inžinierstva a manažmentu |X 279 |U M4000 |Y 84 |7 A000000279 | |
| 245 | 1 | |a Long - Term Employee Training as a Basic Prerequisite for the Development of an Optimal Corporate Culture | |
| 250 | |a 1 st ed. | ||
| 260 | |a Köthen : |b Hochschule Anhalt, |c 2009 | ||
| 300 | |a 77 s | ||
| 650 | 7 | |a firemná kultúra |2 stusub | |
| 650 | 7 | |a vzdelávanie zamestnancov |2 stusub | |
| 830 | 0 | |a Scientific monographs | |
| 856 | 4 | |a https://sweb.mtf.stuba.sk/obsahy/long_term_employee_training_as_a_basic_prerequisite_for_the_devel_09.pdf |u https://sweb.mtf.stuba.sk/obsahy/long_term_employee_training_as_a_basic_prerequisite_for_the_devel_09.pdf |3 OBSAH | |
| 996 | |b 284M070278 |c M*12482-1 |l MMKN |s A |a 24 |w stu183191_0002 | ||